<?xml version="1.0" encoding="UTF-8"?>
<collection xmlns="http://www.loc.gov/MARC21/slim">
    <record>
        <controlfield tag="001">46758</controlfield>
        <controlfield tag="005">20170831220546.0</controlfield>
        <datafield tag="037" ind1=" " ind2=" ">
            <subfield code="a">GDOC-2011-1859</subfield>
        </datafield>
        <datafield tag="041" ind1=" " ind2=" ">
            <subfield code="a">spa</subfield>
        </datafield>
        <datafield tag="100" ind1=" " ind2=" ">
            <subfield code="0">(orcid)0000-0002-5634-1096</subfield>
            <subfield code="a">Sáenz Preciado, Jesús Carlos</subfield>
        </datafield>
        <datafield tag="245" ind1="0" ind2="0">
            <subfield code="9">67707</subfield>
            <subfield code="a">Cultura material y Numismática</subfield>
        </datafield>
        <datafield tag="260" ind1=" " ind2=" ">
            <subfield code="a">Zaragoza</subfield>
            <subfield code="b">Universidad de Zaragoza</subfield>
            <subfield code="c">2011-2012</subfield>
        </datafield>
        <datafield tag="520" ind1=" " ind2=" ">
            <subfield code="a">El conocimiento de la cultura material y de la numismática constituye una herramienta imprescindible para comprender la evolución económica y social de las sociedades antiguas. Cultura Material y Numismática es una asignatura que busca analizar las culturas clásicas mediterráneas desde el punto de vista arqueológico, permitiendo al alumno la caracterización e interpretación  de los elementos materiales que conforman cada una de ellas, sin perder nunca su visión espacio-temporal, así como el hecho de que se trata de un análisis realizado mediante la aplicación del método arqueológico. Mediante esta asignatura se pretende dar a entender la importancia que los elementos materiales y numismáticos tienen ‘para el conocimiento y entendimiento de la sociedad clásica. Por ello se destacará la funcionalidad de los elementos materiales, su estética y  simbología, incidiendo en los elementos iconográficos o epigráficos que pudieran ir asociados. De la misma manera se incidirá sobre la importancia de éstos para reconstruir la sociedad antigua, así como su problemática a la hora de su recuperación, estudio y puesta en valor. </subfield>
        </datafield>
        <datafield tag="521" ind1=" " ind2=" ">
            <subfield code="9">647</subfield>
            <subfield code="a">Máster Universitario en Ciencias de la Antigüedad</subfield>
        </datafield>
        <datafield tag="540" ind1=" " ind2=" ">
            <subfield code="a">by-nc-sa</subfield>
            <subfield code="b">Creative Commons</subfield>
            <subfield code="c">3.0</subfield>
            <subfield code="u">http://creativecommons.org/licenses/by-nc-sa/3.0/</subfield>
        </datafield>
        <datafield tag="700" ind1=" " ind2=" ">
            <subfield code="0">(orcid)0000-0001-6122-3433</subfield>
            <subfield code="a">Domínguez Arranz, María Almudena</subfield>
        </datafield>
        <datafield tag="830" ind1=" " ind2=" ">
            <subfield code="9">316</subfield>
        </datafield>
        <datafield tag="856" ind1="4" ind2=" ">
            <subfield code="s">107004</subfield>
            <subfield code="u">http://zaguan.unizar.es/record/46758/files/guia.pdf</subfield>
            <subfield code="y">Guía (idioma español)</subfield>
        </datafield>
        <datafield tag="980" ind1=" " ind2=" ">
            <subfield code="a">GDOC</subfield>
            <subfield code="b">Artes y humanidades</subfield>
            <subfield code="c">103</subfield>
        </datafield>
    </record>

    
</collection>